[Event "Kazan Mayors Cup 2022"]
[Site "Kazan"]
[Date "2022.01.31"]
[Round "8.1"]
[White "Sarana, Alexey"]
[Black "Faizrakhmanov, Ramil"]
[Result "1-0"]
[WhiteElo "2666"]
[BlackElo "2480"]
[Annotator "TA"]
[PlyCount "101"]
[EventDate "2022.01.28"]
[EventType "tourn"]
[EventCountry "RUS"]
[SourceTitle "playchess.com"]
[Source "ChessBase"]
[SourceQuality "1"]

{[%evp 21,101,11,25,15,16,6,20,20,22,29,33,34,29,13,25,0,34,0,14,10,124,112,122,113,148,152,139,112,152,155,126,127,127,127,127,120,155,153,146,156,284,284,283,283,280,277,274,227,344,156,408,142,144,0,116,68,72,81,77,0,146,132,130,80,118,82,81,57,80,71,321,323,327,293,322,320,306,294,12837,809,12838,12839]} 1. d4 Nf6 2. c4 e6 3. Nc3 Bb4 4. e3 O-O 5. Bd3 c5 6. Nge2 cxd4 7. exd4 d5 8. cxd5 Nxd5 9. O-O Nc6 10. a3 Be7 11. Nxd5 exd5 12. h3 {E42: Nimzo-Indian: Rubinstein: 4...c5 5 Ne2.} Bf6 13. Be3 g6 {[#]} 14. Rc1 $146 {The position is equal.} ({Predecessor:} 14. b4 a6 15. Rc1 Be6 16. Qd2 {½-½ (16) Erturan,Y (2377)-Muzychuk,M (2456) Konya 2012}) 14... Qb6 15. b4 Be6 16. Rc5 Be7 17. Rc3 Bf6 18. Rc5 Be7 $1 19. Qa1 Rac8 (19... Bxc5 20. dxc5 Qd8 21. Bh6 $16) 20. Rfc1 a5 (20... Bxc5 21. dxc5 Qc7 22. Bf4 $16 (22. Bh6 Qe5 $14)) (20... Qd8 $11) 21. b5 $1 $16 Na7 (21... Bxc5 $2 22. dxc5 Qc7 23. bxc6 bxc6 24. Bh6 $18) 22. Nf4 Qd8 {[#]} 23. a4 $1 Bd6 (23... Bxc5 $2 24. dxc5 Qe7 25. c6 Nxc6 26. Bc5) 24. Qc3 b6 (24... Bxc5 $2 25. dxc5 Re8 26. Bd4 $18 (26. c6 Nxc6 27. bxc6 d4 $16)) 25. Rxc8 Qxc8 26. Qd2 Qd7 27. Be2 Rc8 28. Bf3 Bb4 29. Qd1 Rxc1 30. Qxc1 ({Don't do} 30. Bxc1 $6 Nc8 $14) 30... Nc8 {[#]} (30... Be7 $16 31. g3 Bd8) 31. Bxd5 $1 $18 {[%mdl 512]} Ne7 32. Bxe6 fxe6 33. d5 e5 34. Nd3 Qxd5 (34... Nxd5 $142 35. Nxe5 Qe6) 35. Qb1 (35. Nxb4 $18 {is more deadly.} axb4 36. Bxb6) 35... Qe4 (35... Qd6 $16) 36. Qb3+ $2 (36. Qc2 $18 {and White stays clearly on top.}) 36... Qd5 $16 {[#]} 37. Qb1 (37. Qc2 $1 $16) 37... Qd6 (37... Qe4 $1 $11) 38. Qc2 (38. Nb2 $16) 38... Nd5 $14 39. Qc8+ Kf7 40. Qb7+ (40. Bg5 $16) 40... Ne7 (40... Ke6 $1 $11 {keeps the balance.}) 41. Qe4 $16 {White is much more active.} Ke6 42. Qg4+ ({White should try} 42. g4) 42... Kf7 43. Qc4+ Ke8 44. Kf1 Qd5 45. Nb2 Bc5 $2 (45... Qd6 $16 {was called for.}) 46. Bxc5 $18 bxc5 47. b6 {[%cal Bb5b6,Bb6b7][%mdl 32]} Kd8 48. Qb5 {And now b7 would win.} c4 49. Qxc4 Qd2 $2 (49... Qxc4+ 50. Nxc4 Nd5) 50. Qc7+ Ke8 {[#]} 51. b7 $1 {Weighted Error Value: White=0.26 (precise) /Black=0.49} 1-0

[Event "Kazan Mayors Cup 2022"]
[Site "Kazan"]
[Date "2022.01.31"]
[Round "8.2"]
[White "Matlakov, Maxim"]
[Black "Galliamova, Alisa"]
[Result "1-0"]
[WhiteElo "2674"]
[BlackElo "2421"]
[Annotator "TA"]
[PlyCount "67"]
[EventDate "2022.01.28"]
[EventType "tourn"]
[EventCountry "RUS"]
[SourceTitle "playchess.com"]
[Source "ChessBase"]
[SourceQuality "1"]

{[%evp 10,67,44,25,41,14,38,31,29,21,35,37,31,16,64,55,105,108,185,133,314,312,386,369,390,385,393,396,358,392,393,387,395,390,432,406,490,463,428,410,620,616,602,597,557,544,847,846,826,815,1339,1326,12837,12837,29991,29988,29987,12833,29987,5473]} 1. e4 e5 2. Nf3 Nc6 3. Bc4 Nf6 4. d3 h6 5. O-O d6 6. c3 g5 {is more profitable than 6...g6 at the moment. C55: Two Knights: 4 d3, 4 d4 exd4 5 e5 and Max Lange Attack.} 7. a4 Bg7 8. Re1 O-O {White is slightly better.} 9. a5 $5 {[%mdl 4] Exploring less charted territory.} Ne7 10. Nbd2 Ng6 {[#] And now ...g4 would win.} 11. h3 $146 ({Predecessor:} 11. Nf1 c6 12. Bb3 d5 13. Ng3 Qc7 14. h4 g4 15. Nh2 Rd8 16. Ra4 Nf4 17. Be3 {½-½ (76) Domanov,D (2509)-Sidenko,A (2407) LSS email 2017}) 11... Nf4 (11... Re8 $11) 12. Nf1 $14 Kh8 (12... c5 $14) 13. d4 $16 Nxe4 14. dxe5 ({White should play} 14. Rxe4 $18 {[%cal Rd4e5]} d5 {[#]} 15. Rxf4 $1 {[%mdl 512]} (15. Nxe5 dxe4 16. Nxf7+ Rxf7 $16) 15... exf4 16. Bd3) 14... f5 $2 {Black cannot hold the game after this.} (14... Nc5 $16 {keeps fighting.}) 15. exf6 $1 $18 Nxf6 16. Bxf4 gxf4 17. Nh4 {Black must now prevent Ng6+.} d5 18. Ng6+ Kg8 19. Nxf8 Kxf8 20. a6 Qd6 21. Bd3 c5 22. Nd2 {[%cal Bf1d2,Bd2f3,Bf3e5,Be5g6][%mdl 32]} bxa6 23. Nf3 Rb8 24. Ne5 Rxb2 (24... Kg8 $142 25. Qd2 Rb6) 25. Ng6+ Kf7 26. Re7+ Kg8 27. Rxa7 {Hoping for Ne7+.} Bb7 28. Rb1 Qb6 29. Rxb2 ({Not} 29. Rxb7 Qxb7 30. Rxb2 Qxb2 $18) 29... Qxa7 30. Qe2 {White wants to mate with Qe6+.} Ne4 31. Qg4 {White threatens Qe6+ and mate.} c4 32. Bxe4 dxe4 33. Qe6+ Kh7 34. Qf7 {Weighted Error Value: White=0.06 (flawless) /Black=0.81} (34. Ne7 $142 Bd5 35. Qg6+ Kh8 36. Qe8+ Kh7 37. Nxd5 Bxc3 38. Qxe4+ Kg8 39. Nxc3) 1-0

[Event "Kazan Mayors Cup 2022"]
[Site "Kazan"]
[Date "2022.01.31"]
[Round "8.3"]
[White "Dreev, Aleksey"]
[Black "Timofeev, Artyom"]
[Result "1/2-1/2"]
[WhiteElo "2623"]
[BlackElo "2572"]
[Annotator "TA"]
[PlyCount "36"]
[EventDate "2022.01.28"]
[EventType "tourn"]
[EventCountry "RUS"]
[SourceTitle "playchess.com"]
[Source "ChessBase"]
[SourceQuality "1"]

{[%evp 15,25,19,28,15,28,18,25,18,37,0,0,18]} 1. d4 d5 2. Nf3 Nf6 3. c4 dxc4 4. e3 e6 5. Bxc4 c5 6. O-O a6 7. b3 {7.Re1 is the modern continuation.} cxd4 8. Nxd4 Bd6 9. Bb2 {D27: Queen's Gambit Accepted: Classical main line: 7 e4!? and 7 a4.} O-O 10. Nd2 e5 11. N4f3 Qe7 12. Be2 {Black must now prevent Nc4.} Rd8 13. Qc2 {[#] An uneventful encounter.  Weighted Error Value: White=0.17 (very precise) /Black=0.03 (flawless)} {Predecessor:} Nc6 $146 14. a3 Bg4 15. Nc4 Rac8 16. Nxd6 Rxd6 17. Rac1 Rdd8 18. Qb1 Nd7 {0-1 (30) Kravanja,G (2133)-Gruskovnjak,T (2384) Graz 2012} 1/2-1/2

[Event "Kazan Mayors Cup 2022"]
[Site "Kazan"]
[Date "2022.01.31"]
[Round "8.4"]
[White "Rublevsky, Sergei"]
[Black "Artemiev, Vladislav"]
[Result "0-1"]
[WhiteElo "2637"]
[BlackElo "2700"]
[Annotator "TA"]
[PlyCount "55"]
[EventDate "2022.01.28"]
[EventType "tourn"]
[EventCountry "RUS"]
[SourceTitle "playchess.com"]
[Source "ChessBase"]
[SourceQuality "1"]

{[%evp 17,55,5,0,0,15,9,11,0,0,-38,-47,-64,-25,-104,-115,-247,-221,-235,-228,-316,-324,-321,-325,-308,-319,-316,-308,-312,-312,-279,-233,-367,-374,-369,-370,-445,-433,-430,-373,-489]} 1. e4 e5 2. Nf3 Nc6 3. Nc3 Nf6 4. d4 exd4 5. Nxd4 Bb4 6. Nxc6 bxc6 7. Bd3 O-O 8. O-O d5 9. exd5 cxd5 10. h3 {C47: Scotch Four Knights and Four Knights with 4 g3.} Rb8 11. Qf3 Rb6 12. Bg5 {The position is equal.} Bb7 13. Ne2 h6 {[#]} 14. Bh4 $146 ({Predecessor:} 14. Be3 d4 15. Qxf6 Rxf6 16. Bxd4 Re6 {0-1 (16) Karwowski,K (2229)-Demchenko,A (2632) Chess.com INT 2020}) 14... Re8 (14... g5 $5 {[%cal Rg5h4]} 15. Bg3 Re8 $15) 15. Rad1 (15. a4 $11 {remains equal.}) 15... g5 $17 16. a3 Bf8 ({Stronger than} 16... gxh4 17. axb4 Rxb4 18. b3 $17) 17. Bg3 c5 {Prevents b4.} ({Worse is} 17... Rxb2 18. Bxc7 Qxc7 19. Qxf6 $11) 18. b3 d4 19. Qf5 {[#]} Rxe2 {[%mdl 512]} 20. Bxe2 {Bf3 is the strong threat.} Be4 21. Qe5 Bd6 {Prevents Qc7.} ({And not} 21... Bxc2 22. Bc4 $15) 22. Rxd4 cxd4 23. Qxd4 Qe7 {Inhibits Be5. Hoping for ...Bxg3.} 24. Bc4 (24. Bxd6 $142 Rxd6 25. Qc5) 24... Bxg3 $19 25. fxg3 Bxc2 26. h4 Bg6 27. Rd1 Rc6 28. Ra1 {White did not feel at home in the position after the opening.  Weighted Error Value: White=0.50/Black=0.11 (very precise)} 0-1

[Event "Kazan Mayors Cup 2022"]
[Site "Kazan"]
[Date "2022.01.31"]
[Round "8.5"]
[White "Oparin, Grigoriy"]
[Black "Gunina, Valentina"]
[Result "1-0"]
[WhiteElo "2681"]
[BlackElo "2471"]
[Annotator "TA"]
[PlyCount "144"]
[EventDate "2022.01.28"]
[EventType "tourn"]
[EventCountry "RUS"]
[SourceTitle "playchess.com"]
[Source "ChessBase"]
[SourceQuality "1"]

{[%evp 9,144,22,54,18,16,18,60,56,49,8,13,19,4,-23,-14,-25,-24,-27,-23,-29,-17,-25,0,0,0,0,0,-7,0,0,0,0,0,0,0,0,0,0,0,-8,-8,-8,-9,-9,0,0,0,0,5,5,5,5,5,5,5,5,5,0,3,0,0,-10,-10,-11,0,0,0,0,0,0,0,0,0,0,0,0,0,0,0,0,0,0,0,0,0,0,0,0,0,0,0,0,260,227,303,297,275,285,329,314,301,259,423,400,369,313,598,479,2387,2061,7320,6087,29982,29983,29983,29960,2348,744,29975,29976,29973,29977,29976,29977,29977,29975,29975,29976,29973,29974,29974,29974,29978,29979,29979,29980,29992]} 1. Nf3 d5 2. g3 c6 3. c4 Bg4 4. Ne5 Bf5 5. Qb3 Nd7 6. Nxd7 {A11: English Opening: 1...c6.} Qxd7 7. cxd5 cxd5 (7... Be4 $11 8. f3 Bxd5) 8. Nc3 {[%cal Oe2e4] [#] White is slightly better.} d4 $146 {[#]} ({Predecessor:} 8... O-O-O 9. d4 e6 10. Bf4 Bd6 11. Bxd6 Qxd6 12. Nb5 Qb6 13. Rc1+ Kb8 14. g4 Be4 15. Qg3+ Ka8 16. Nc7+ Kb8 17. f3 Bg6 18. e3 Qd6 19. Qxd6 Rxd6 20. Nb5 {½-½ (20) Jansson,A (2182)-Johansson,G (2217) Stockholm 2016}) 9. e4 $1 Be6 $1 $11 10. Nd5 a6 {Inhibits Bb5.} 11. Bg2 (11. Qc4 $5 {[%cal Rd5c7]}) 11... Nf6 12. d3 Rd8 $1 {[%cal Rf6d5]} 13. Nxf6+ exf6 14. Qd1 Bb4+ (14... Be7 {is interesting.} 15. O-O Rc8 16. f4 f5 17. Bd2 O-O) 15. Bd2 Bxd2+ 16. Qxd2 O-O 17. O-O Rc8 18. Rfc1 Rxc1+ 19. Rxc1 {[%cal Ba1c1,Bc1c7,Bc7b7,Bb7b6][%mdl 32]} Bxa2 20. Qa5 Be6 21. Rc7 Qd6 {Strongly threatening ...b6.} 22. Rxb7 Rc8 {( -> ...Rc1+)} 23. h4 h6 24. Rb6 {Inhibits Qc6.} Rc1+ 25. Kh2 $1 Qc7 {aiming for ...Qc2.} 26. Qxa6 {And now Qa8+ would win.} (26. Rxa6 Qc2 27. Qh5 (27. Qd8+ Kh7 $17) 27... Kh7 $17) 26... Qc2 (26... Bc8 $5 27. Qb5 Rc2 $11) 27. Rxe6 fxe6 28. Qxe6+ {[%mdl 4096] Endgame KQR-KQB} Kh7 29. Qf5+ Kh8 30. e5 {Intending Be4 and mate.} Qc8 (30... Qxb2 31. Be4) 31. Qg6 fxe5 32. Be4 {[%csl Ge4][%cal Rg6h7]} Qg8 {Inhibits Qh7+.} 33. b4 Rc8 34. b5 Rf8 $1 35. f3 Rf6 {To avoid Qd6} 36. Qh5 Qb8 37. Qg4 Qc7 38. Kh3 {[%cal Ob5b6]} Kg8 39. Bc6 Qd8 40. Qe4 Qd6 41. Kg2 Kf8 42. Qg4 {Qc8+ would kill now.} Qe6 {Inhibits Qc8+.} 43. Qe4 (43. Qxe6 $2 Rxe6 44. Be4 Rf6 $19) 43... Qa2+ 44. Kh3 Qe6+ 45. Kg2 h5 46. Qe2 Rf7 47. Qc2 Rc7 48. Qc5+ Qe7 49. Qd5 {Threatens to win with b6.} Qf6 $1 50. Qa2 Qd8 {[%mdl 8192] White leaves nothing to chance now.} (50... Rc8 $11 {and Black is okay.}) 51. Qa3+ $18 Kf7 {[#]} 52. Qc5 $1 {b6 is the strong threat.} Qe7 {[#]} 53. Qc4+ Kf6 54. b6 Rc8 55. b7 Rd8 (55... Rb8 56. Qc1 (56. Be4 Qd6 $16) 56... Ke6) 56. Be4 {Black must now prevent Qc6+.} Qd6 57. Qc8 {Hoping for Qf5+.} g6 $2 (57... Ke7 {was called for.} 58. Bf5 Re8) 58. g4 hxg4 (58... Rf8 $142 59. gxh5 gxh5 60. Qf5+ Ke7 61. Qh7+ (61. Qxh5 Qe6 $16) 61... Rf7) 59. fxg4 ({Not} 59. Qxg4 Kf7 60. h5 gxh5 61. Qxh5+ Ke6 62. Qg6+ Ke7 $16) 59... Ke7 60. Kg3 Qb4 61. Qc7+ Ke6 62. Qc6+ ({And not} 62. Qxd8 Qe1+ 63. Kh3 Qe3+ 64. Kh2 Qf4+ 65. Kh1 Qc1+ 66. Kh2 Qf4+ 67. Kh3 Qe3+ 68. Bf3 Qxf3+ 69. Kh2 Qe2+ 70. Kh1 Qf3+ 71. Kh2 Qe2+ 72. Kh1 Qf3+ 73. Kh2 $11) 62... Ke7 63. Qc1 (63. Kh3 $142 Qd6 64. Qxd6+ Kxd6 65. Bxg6) 63... Qc3 64. Qg5+ {White mates.} Kd7 {[#]} 65. Qxd8+ $1 {[%mdl 576] Remove Defender, Promotion} Kxd8 66. b8=Q+ Kd7 67. Qb1 Qd2 68. Qf1 Qe3+ 69. Kg2 Ke7 70. Bxg6 Qh6 71. Qf7+ Kd6 72. Qf6+ Kd5 {Weighted Error Value: White=0.05 (flawless) /Black=0.34} 1-0

[Event "Kazan Mayors Cup 2022"]
[Site "Kazan"]
[Date "2022.01.31"]
[Round "9.1"]
[White "Artemiev, Vladislav"]
[Black "Matlakov, Maxim"]
[Result "1/2-1/2"]
[WhiteElo "2700"]
[BlackElo "2674"]
[Annotator "TA"]
[PlyCount "39"]
[EventDate "2022.01.28"]
[EventType "tourn"]
[EventCountry "RUS"]
[SourceTitle "playchess.com"]
[Source "ChessBase"]
[SourceQuality "1"]

{[%evp 17,39,0,0,0,-4,-10,0,0,0,-12,-16,-9,0,-13,-11,-22,-23,-20,-19,-18,-16,-16,-9,-20]} 1. Nf3 d5 2. g3 Nf6 3. Bg2 e6 4. O-O Be7 5. d3 O-O 6. Nbd2 {[%cal Bb1d2,Bd2c4,Bc4e5][%mdl 32]} c5 7. e4 Nc6 8. Re1 b5 9. a4 b4 10. exd5 {C00: French: Unusual White 2nd moves.} Nxd5 11. Nc4 Bb7 12. h4 h6 13. Nfe5 Nxe5 14. Nxe5 Qc7 {[#]} 15. Bd2 $146 ({Predecessor:} 15. Qg4 Nf6 16. Qe2 Bxg2 17. Kxg2 Nd7 18. Nf3 Rac8 19. b3 Bf6 20. Rb1 Bc3 21. Bd2 Bxd2 22. Nxd2 {½-½ (60) Wang,H (2735)-Leko,P (2730) Beijing 2013}) 15... Bf6 16. Qe2 Ne7 17. Bxb7 Qxb7 {The position is equal.} 18. Qe4 Qxe4 19. Rxe4 Rfd8 {To avoid Nd7} 20. Be3 {A balanced but interesting game.  Weighted Error Value: White=0.05 (flawless) /Black=0.03 (flawless)} 1/2-1/2

[Event "Kazan Mayors Cup 2022"]
[Site "Kazan"]
[Date "2022.01.31"]
[Round "9.2"]
[White "Faizrakhmanov, Ramil"]
[Black "Oparin, Grigoriy"]
[Result "1/2-1/2"]
[WhiteElo "2480"]
[BlackElo "2681"]
[Annotator "TA"]
[PlyCount "62"]
[EventDate "2022.01.28"]
[EventType "tourn"]
[EventCountry "RUS"]
[SourceTitle "playchess.com"]
[Source "ChessBase"]
[SourceQuality "1"]

{[%evp 11,62,6,29,30,27,24,27,0,10,19,16,12,18,3,0,-6,0,0,11,14,27,0,30,0,0,0,28,32,27,32,35,35,34,20,23,0,0,0,14,13,17,0,29,29,81,0,0,0,0,0,0,0,0]} 1. d4 Nf6 2. c4 e6 3. Nf3 Bb4+ 4. Bd2 a5 5. g3 d5 6. Bg2 dxc4 7. Qc1 {E04: Open Catalan: 5 Nf3.} b6 8. Qxc4 Bb7 9. a3 {White has an edge.} Be7 {[#]} 10. Nc3 $146 ({Predecessor:} 10. O-O c5 11. Bf4 Nbd7 12. Rd1 O-O 13. Nc3 Qe8 14. Ne5 Bxg2 15. Kxg2 cxd4 16. Qxd4 Nxe5 17. Qxe5 {½-½ (34) Wisham,C (2170)-Jenneborg,S (1914) LSS email 2017}) 10... O-O 11. O-O {[%cal Bh1f1,Bf1d1,Bd1d6,Bd6b6][%mdl 32]} Nbd7 {[%cal Bb8d7,Bd7c5,Bc5b3][%mdl 32]} 12. Bg5 c5 13. dxc5 {[#] Strongly threatening c6.} Nxc5 14. Rfd1 Qc8 15. Rac1 {[%cal Oe2e4]} h6 16. Bf4 a4 (16... Ba6 $5 {[%cal Ra6c4]} 17. Qa2 Bb7 $11) 17. Bd6 Bxd6 18. Rxd6 Nb3 (18... Qc7 $5 {[%cal Rc7d6]} 19. Rdd1 Rfc8 $11) 19. Qxc8 Rfxc8 20. Rcd1 Nd5 21. Nxd5 Bxd5 22. Rxb6 Rc2 {[%csl LRb2,LRe2]} 23. Nd4 (23. e4 {feels hotter.} Bxe4 24. Nd4 Rd2 25. Rxd2 Nxd2 26. Rb4) 23... Nxd4 24. Rxd4 Bxg2 25. Kxg2 Rxe2 $11 {[%mdl 4096] Endgame KRR-KRR} 26. h4 g6 27. Rb7 {Black must now prevent Rf4.} Ra5 {[#]} (27... Re5 $1 $11 {remains equal.}) 28. Rf4 (28. g4 $1 $16) 28... Rf5 {The position is equal.} 29. Rxf5 gxf5 30. Rb4 Kg7 31. Rxa4 {Threatens to win with Rb4.} Rxb2 {Weighted Error Value: White=0.10 (very precise) /Black=0.10 (very precise)} 1/2-1/2

[Event "Kazan Mayors Cup 2022"]
[Site "Kazan"]
[Date "2022.01.31"]
[Round "9.3"]
[White "Timofeev, Artyom"]
[Black "Sarana, Alexey"]
[Result "1/2-1/2"]
[WhiteElo "2572"]
[BlackElo "2666"]
[Annotator "TA"]
[PlyCount "112"]
[EventDate "2022.01.28"]
[EventType "tourn"]
[EventCountry "RUS"]
[SourceTitle "playchess.com"]
[Source "ChessBase"]
[SourceQuality "1"]

{[%evp 9,112,16,36,12,33,40,30,27,34,24,33,38,43,48,38,33,37,34,39,28,13,0,0,0,0,0,0,-39,-47,-62,-64,-91,-81,-191,-189,-186,-159,-207,-204,-219,-159,-194,-53,-70,-66,-143,-99,-138,-146,-144,-153,-147,-151,-144,-127,-115,-65,-73,-73,-71,-69,-69,-69,-76,-7,-7,-7,-14,-7,-14,-22,-22,0,0,0,-22,-22,-22,-22,-22,-15,-15,-15,-70,-22,-93,-73,-116,-60,-90,0,-92,0,0,0,0,0,0,0,0,0,0,0,0,0]} 1. d4 Nf6 2. Nf3 g6 3. Nbd2 d5 4. b4 Bg7 5. e3 O-O 6. Be2 {D02: 1 d4 d5 2 Nf3 sidelines, including 2...Nf6 3 g3 and 2...Nf6 3 Bf4.} Bf5 7. O-O Nbd7 8. c4 {White has an edge.} c6 9. a4 a5 10. b5 Ne4 11. Bb2 {[#]} (11. Nxe4 {feels hotter.} dxe4 12. Nd2 e5 13. d5 cxd5 14. cxd5 Nb6 15. d6) 11... cxb5 $146 ({Predecessor:} 11... Ndf6 12. Nxe4 Nxe4 13. Qb3 Bg4 14. Rfc1 Qd7 15. cxd5 cxd5 16. Qd1 Bxf3 17. Bxf3 f5 {1-0 (38) Moldovan,D (2432)-Barbuleanu,S (1990) Baile Govora 2017}) 12. axb5 dxc4 13. Nxc4 Nd6 14. Nxd6 exd6 15. Ba3 Nb6 16. Nd2 Re8 17. Rc1 d5 18. Nb3 Nc4 19. Bxc4 dxc4 20. Rxc4 Bd7 $1 {[%cal Bf5d7,Bd7b5,Bb5e2][%mdl 32] This bishop pair is nice.} 21. Rc5 (21. Rc1 $17 {keeps fighting.}) 21... Bf8 $19 22. Qc1 Bxc5 23. Nxc5 (23. dxc5 $17 {might work better.} Bxb5 24. Rd1) 23... Bxb5 24. Rd1 b6 25. Nb7 Qg5 (25... Qd7 $1 $19 {[%cal Rd7b7]} 26. Nd6 Re6 27. Nxb5 Qxb5) 26. Nd6 Be2 27. f4 (27. h4 $15 Qg4 28. Nxe8 Rxe8 29. Rd2) 27... Qd5 ({Black should play} 27... Qh4 28. g3 Qh3) 28. e4 Rxe4 29. Nxe4 Qxe4 30. Re1 Qxd4+ 31. Kh1 Re8 32. Bb2 Qc5 (32... Qb4 $17 33. h3 Bb5 34. Rxe8+ Bxe8) 33. Qd2 $1 $15 Bb5 34. Rxe8+ Bxe8 35. h3 Qc6 36. Qd8 $1 {[%cal Of4f5] [#] To avoid f6} a4 (36... h6 $1 $17 37. Qh4 b5) 37. f5 $1 $11 b5 {[%cal Of7f6]} 38. Qe7 {To avoid f6} gxf5 {Threatens to win with ...h6.} 39. Qg5+ Qg6 40. Qd8 {[%cal Rd8e8]} Qe6 (40... f6 $5 41. Bxf6 Qf7 $17) 41. Qg5+ Qg6 42. Qd8 {[%cal Rd8e8]} f6 43. Bxf6 h6 44. Bc3 Qf7 45. Qd4 {[%csl Gc3][%cal Rd4h8]} Kh7 46. Qh8+ $1 Kg6 47. Qe5 (47. Bd2 $1 $11 f4 48. Bxf4) 47... Bd7 $17 48. Kh2 {[#]} (48. Kg1 $142) 48... Qf8 ({Better is} 48... Be6 $1 $17 49. Qxb5 a3) 49. Bd4 $15 Qf7 (49... Kh7 $17 50. Kg1 h5) 50. Qd6+ (50. Bc3 $1 $11 {remains equal.}) 50... Qe6 (50... Kh5 $17 51. Qf4 Qf8 52. Qf3+ Kg6) 51. Qg3+ $11 {The position is equal.} Kf7 {...Qe4 is the strong threat.} 52. Qg7+ Ke8 {aiming for ...Bc6.} 53. Qh8+ Kf7 54. Qg7+ Ke8 {White must now prevent ...Kd8.} 55. Qh8+ Kf7 {Strongly threatening ...Bc6.} 56. Qg7+ Ke8 {White happily takes the draw.  Weighted Error Value: White=0.13 (very precise) /Black=0.20 (precise)} 1/2-1/2

[Event "Kazan Mayors Cup 2022"]
[Site "Kazan"]
[Date "2022.01.31"]
[Round "9.4"]
[White "Galliamova, Alisa"]
[Black "Dreev, Aleksey"]
[Result "0-1"]
[WhiteElo "2421"]
[BlackElo "2623"]
[Annotator "TA"]
[PlyCount "122"]
[EventDate "2022.01.28"]
[EventType "tourn"]
[EventCountry "RUS"]
[SourceTitle "playchess.com"]
[Source "ChessBase"]
[SourceQuality "1"]

{[%evp 17,122,0,0,-33,-30,-25,-22,-24,-10,-23,0,-43,0,0,0,0,4,-45,-49,-181,-191,-187,-191,-299,-248,-366,-361,-522,-269,-401,-383,-385,-373,-412,-407,-505,-501,-441,-235,-534,-329,-341,-349,-349,-354,-354,-354,-313,-317,-366,-252,-252,-252,-252,-252,-252,-252,-252,-241,-241,-222,-191,-191,-235,-234,-234,-231,-234,-234,-234,-234,-234,-234,-636,-219,-605,-218,-620,-620,-610,-610,-584,-217,-5591,-5591,-5591,-5583,-5583,-5583,-5583,-5583,-5583,-5583,-5583,-5583,-5583,-5583,-5396,-5389,-5353,-5338,-5323,-5297,-5281,-5228,-4570,-782]} 1. d4 d6 2. Nf3 Nf6 3. g3 g6 4. Bg2 Bg7 5. c4 Bf5 6. O-O O-O 7. Nc3 Ne4 8. Nh4 Nxc3 9. bxc3 Bc8 $1 10. e4 {10.f4 is setting a new trend. E60: King's Indian: Unusual lines and Fianchetto Variation without Nc3.} c5 11. Be3 Nc6 {[#]} 12. Nf3 $146 {The position is equal.} ({Predecessor:} 12. f4 Qa5 13. Qd3 Qa3 14. Rfd1 Bg4 15. Bf3 Bxf3 16. Nxf3 Rac8 17. d5 Nb4 18. Bc1 Qxc3 19. Qxc3 Bxc3 {0-1 (38) Dev,S (2270)-Blohberger,F (2490) Belgrade 2021}) 12... Qa5 13. Qc2 b6 {[%cal Bb7b6,Bb6b5,Bb5b4][%mdl 32]} 14. Rfb1 (14. d5 $11 {feels stronger.} Ne5 15. Nxe5 Bxe5 16. Rac1) 14... Ba6 (14... Qa6 $15) 15. Bf1 $11 cxd4 16. cxd4 Rac8 17. h3 (17. e5 $11) 17... b5 $1 $15 18. c5 {Now White is beyond hope.} (18. cxb5 $2 {[#]} Nxd4 $1 {[%mdl 512]} 19. Qd1 Nxb5 20. Bxb5 Bxb5 $19) (18. Bd2 $15 Qb6 19. d5) 18... dxc5 $19 (18... Nb4 19. Qb3 Nc6 20. cxd6 $16 (20. Bxb5 Bxb5 21. Qxb5 Qxb5 $15)) 19. dxc5 b4 ({Inferior is} 19... Bxa1 20. Rxa1 b4 21. Qb2 $17) 20. Bxa6 (20. e5 $142 Nxe5 21. Nxe5 Bxe5 22. Qe4 Bxa1 23. Bxa6 Qxa6 24. Rxa1) 20... Qxa6 21. Kg2 (21. a3 $142 Bxa1 22. Rxa1) 21... Rfd8 22. Rb2 (22. a3 $142 Bxa1 23. Rxa1) 22... Qd3 23. Re1 (23. Qxd3 $142 Rxd3 24. e5) 23... Bxb2 24. Qxb2 a5 {[%cal Ba7a5,Ba5a4,Ba4a3][%mdl 32]} 25. h4 a4 26. h5 a3 27. Qa1 Qc3 (27... gxh5 $142 28. Bg5 b3 29. axb3 Qxb3) 28. Qb1 $2 (28. Qxc3 bxc3 29. Rc1) 28... Qb2 29. Qxb2 axb2 30. Rb1 Ra8 ({Not} 30... gxh5 $2 31. Rxb2 Ra8 32. Ng1 $19) 31. Rxb2 Ra4 (31... gxh5 $2 32. Bf4 $19) 32. hxg6 hxg6 33. g4 Rda8 34. Rb3 Ra3 35. Nd4 Nxd4 36. Bxd4 Rxb3 ({Don't blunder} 36... Rxa2 $2 37. g5 $19) 37. axb3 {[%mdl 4096] Endgame KR-KB} Ra6 38. Be3 Kf8 {[#] Threatens to win with ...Ra3.} 39. Bd2 Ra3 40. Bxb4 (40. c6 {was called for.}) 40... Rxb3 41. Bd2 Ke8 42. Be3 Kd7 {[%cal Ob3e3] White must now prevent ...Rxe3!} 43. Kf3 Kc6 44. Ke2 Kb5 45. f4 $2 (45. f3) 45... Ra3 $2 (45... g5 46. f5 f6) 46. Kf3 (46. g5) 46... Kc4 $2 (46... g5 47. e5 gxf4 48. Kxf4 e6) 47. Ke2 $2 (47. c6) 47... Ra2+ 48. Kf3 Kd3 49. e5 Rc2 $2 (49... e6 50. Bg1 Kc4) 50. g5 $2 (50. f5 e6 51. fxg6 fxg6 52. Kf4) 50... e6 {Black is clearly winning.} 51. Bg1 Rc3 52. Be3 Rc4 53. Bg1 Kc3 54. Be3 Kb4 55. Bg1 Kb5 56. Be3 Kc6 57. Bg1 Kd5 58. Bf2 Rc3+ 59. Kg4 Ke4 60. Bg1 Rf3 61. Bh2 Rf2 {Weighted Error Value: White=0.69/Black=0.35} 0-1